01353nam0a22003011 4500001003100000005001700031035002600048100004100074101001300115102000700128105001800135200023500153210002500388215002100413225003200434300020600466607006300672607005100735620001700786686002500803686002500828700003900853701004500892701003900937801002700976801002301003852002501026RU\INFOCOMM_327\NLR\500006340620250613112604.0 a(NLR Aleph) 009613940 a20130318d1975 |||y0rusy50 ca1 aengcrus aRU ay z |||||1 aIndia: social and economic development, 18th - 20th centuriese[Transl. from the Russ. ...]fV. Pavlov, V. Rastyannikov, G. Shirokovg[Послесл. и общ. ред. д-ра экон. наук Р. А. Ульяновского] aM.c"Progress"d1975 a296 с.d21 см1 aProblems of the Third world aНа обороте тит. л.: В. И. Павлов, В. Г. Растянников, Г. К. Широков. Социально-экономическое развитие Индии (XVIII-XX вв.) aИндияxНародное хозяйство2nlr_sh1 aИндияxИсторияz18-20 в.2nlr_sh1 aМосква aУ03(5Ид)632rubbk aТ3(5Ид)5/62rubbk 1aPavlovbV. I.gVladimir Ivanovič 1aRastjannikovbV. G.gViktor Georgievič 1aŠirokovbG. K.gGlerij Kuz'mič 1aRUbInfocommc20130318 0aRUbINFOCOMMgPSBO aNLRjЭк21 Д-3/201